| 000 | 00340nam a22001457a 4500 | ||
|---|---|---|---|
| 003 | SGT | ||
| 020 | _a9789387181320 | ||
| 082 |
_a954.034 _bG18D |
||
| 100 | _aDOK, JOSEPH J. | ||
| 245 | _aGANDHI:DAKSHINI AFRICA ME BHARTIYA DESH BHAKT | ||
| 260 |
_aINDIA _bNAYI KITAB _c2018 |
||
| 300 | _a106 | ||
| 650 | _aMAHATMA GANDHI | ||
| 942 |
_2ddc _cBK |
||
| 999 |
_c26007 _d26007 |
||